| 000 | 00732nam a2200253Ia 4500 | ||
|---|---|---|---|
| 003 | OSt | ||
| 005 | 20220928104113.0 | ||
| 006 | a|||||r|||| 00| 0 | ||
| 007 | ta | ||
| 008 | 220927b |||||||| |||| 00| 0 hin d | ||
| 020 | _cINR 600.00 | ||
| 024 | _a135284 | ||
| 037 |
_b83, 10/03/2017, Kiran Book Service _cTextual |
||
| 040 |
_aSDCL _cSDCL _bhin |
||
| 041 |
_2hin _ahin |
||
| 082 | _aO152:g, Q7 | ||
| 100 |
_aYadav Virendra _9408614 |
||
| 245 | 0 | _aUpanyas aur varchaswa ki satta | |
| 260 |
_aNew Delhi _bRajkamal Prakashan _c2017 |
||
| 300 |
_a259p. _ccm. |
||
| 650 |
_aHindi _9391598 |
||
| 942 |
_hO152:g, Q7 _cTEXL _2CC |
||
| 999 |
_c724118 _d724118 |
||